000 01116ngm a22003730a 4500
001 PT16670
003 AR-LpoUNG
005 20210202000220.0
007 vd cvaizq
008 191001s1996||||ag |||||||||||||||||spa d
037 _c$8.30
040 _aAR-LpoUNG
_bspa
_cAR-LpoUNG
_eaacr
041 _aspa
044 _aag
082 0 _a303.376 144cen
100 1 _aCalcagno, Eduardo
_edir.
245 1 3 _aEl censor
260 _aSan Luis :
_bGativideo,
_c1996.
300 _aVHS (107 min.) : son., col.
505 0 _aGuión: Alan Pauls ; música: Luis María Serra.
520 _aEs un acercamiento a la figura de un censor cinematográfico de la época de la última dictadura militr, levemente inspirado en el tristemente célebre Miguel Paulino Tato.
650 4 _aARGENTINA
650 4 _aCENSURA
650 4 _aCINE
650 4 _aDICTADURA
650 4 _aGOBIERNO MILITAR
650 4 _aPOLITICA DE COMUNICACION
651 4 _aArgentina
653 _aCINE ARGENTINO
653 _aVIDEOS
710 2 _aInstituto Nacional de Cinematografía (Argentina)
905 _a16670
942 _cVIDEO
999 _c54363
_d54363